LEADER 00870cam0 2200253 450 001 E600200046675 005 20201203154116.0 100 $a20090310d1980 |||||ita|0103 ba 101 $aita 102 $aIT 200 1 $a<>"disincanto nel mondo"$fFrancesco Mercadante 210 $aGenova$cStudio Editoriale di Cultura$d1980 215 $ap. 563-566$d24 cm 300 $aEstratto da : Filosofia oggi. Anno III, ottobre-dicembre 1980, N. 4. 700 1$aMercadante$b, Francesco$3AF00008966$4070$0162432 801 0$aIT$bUNISOB$c20201203$gRICA 850 $aUNISOB 852 $aUNISOB$j100|Opusc$m98826 912 $aE600200046675 940 $aM 102 Monografia moderna SBN 941 $aM 957 $a100|Opusc$b000209$gSi$d98826$1massimo$2UNISOB$3UNISOB$420090310103522.0$520201203154107.0$6Spinosa 996 $a"disincanto nel mondo"$91682506 997 $aUNISOB